| 000 | 00745nas a2200241 4500 | ||
|---|---|---|---|
| 001 | BR7701271 | ||
| 003 | BR-BrBNA | ||
| 005 | 20231205083120.0 | ||
| 007 | ta | ||
| 008 | 230509b bl.|||p| |||| 00| 00por d | ||
| 040 |
_aBR-BrBNA _bpor _cBiblioteca Nacional de Agricultura |
||
| 041 | _a(Pt) | ||
| 072 | _aF00 | ||
| 100 | 1 | _aAmaral, A. dos S. | |
| 100 | 1 | _aBicca, L.H.F. | |
| 245 | 1 | _aSeparacao de sementes de plantago (Plantago, lanceolata L.)de lotes de sementes de cornichao (Lotus corniculatus L.)[erva daninha, Brasil] | |
| 650 | _aCORNICHAO | ||
| 650 | _aSEMENTE | ||
| 650 | _aPLANTAGO | ||
| 773 | 0 |
_tSemente (Brazil) _x _g(Dec 1976), v. 2(2) p. 74-83 _wBR7701271 |
|
| 909 |
_a202311 _bLúcia _c55 _dLúcia Elande |
||
| 942 |
_2AGRIS _n0 _cANA |
||
| 999 |
_c96511 _d96511 |
||